| 000 | 00925cgm a22002535a 4500 | ||
|---|---|---|---|
| 001 | L133335 | ||
| 008 | 051222s2004 xxk f 000 0 eng u | ||
| 020 | _a086017624X | ||
| 035 | _a(Sirsi) u133335 | ||
| 041 | 0 | _aeng | |
| 050 | 0 | 4 | _a711.26 $2 18 |
| 100 | 1 | _aLancaster, J. | |
| 245 | 0 | 0 |
_aDevelopment and flood risk _bguidance for the construction industry _h[electronic resource] |
| 260 |
_aLondon _bCIRIA _c2004 |
||
| 300 | _a1 CD-ROM | ||
| 490 | 0 |
_aCIRIA _v624 |
|
| 520 | _aCD-ROM accompanying "Development and flood risk: guidance for the construction industry" (ISBN 086017644X) and providing a fully searchable electronic version of the text. | ||
| 651 | 4 |
_aUnited Kingdom _y |
|
| 690 | _aENVIRONMENTAL AND LAND CONSULTANCY-WATER RESOURCE MANAGEMENT-FLOODING | ||
| 700 | 1 | _aPreene, M. | |
| 700 | 1 | _aMarshall, C. T. | |
| 710 | 2 |
_aConstruction Industry Research and Information Association _94810 |
|
| 942 | _n0 | ||
| 999 |
_c85439 _d85439 |
||